Score 0/20 Timer 05:00
0 Plays Today
% Correct
John F Kennedy
98.5%
John Lennon
97.4%
John Travolta
95.9%
John Wayne
87.2%
John McCain
82.8%
John Goodman
77.9%
John Belushi
73%
John Stamos
64.8%
John Cleese
59.6%
John Cusack
59.2%
% Correct
John Ritter
57.3%
John Madden
56.5%
John Cena
55.6%
John Denver
55.4%
John Legend
55.2%
John Mayer
53%
John Krasinski
33.6%
John Williams
21.3%
John Grisham
18.7%
John Rhys-Davies
15.5%
Remove Ads.
Support Sporcle.
Get the best of Sporcle when you Go Orange. This ad-free experience offers more features, more stats, and more fun while also helping to support Sporcle. Thank you for becoming a member.

You're not logged in!

Compare scores with friends on all Sporcle quizzes.
OR
Log In

Show Comments

Extras

Top Quizzes Today


Score Distribution

Your Account Isn't Verified!

In order to create a playlist on Sporcle, you need to verify the email address you used during registration. Go to your Sporcle Settings to finish the process.

Report this User

Report this user for behavior that violates our Community Guidelines.

Details: